Chronologie československého vnitřního obchodu 1944-1987

Saved in:
Bibliographic Details
Main Author: Kroc, Stanislav
Format: Book
Language:Czech
Published: Praha Výzkumný ústav obchodu 1987
Series:Knižnice VÚO 219
Tags: Add Tag
No Tags, Be the first to tag this record!

MARC

LEADER 00000nam a2200000 4500
001 c023039
005 20251110132144.0
041 0 |a cze 
044 |a CZ 
245 1 0 |a Chronologie československého vnitřního obchodu 1944-1987  |c Stanislav Kroc 
264 1 |a Praha  |b Výzkumný ústav obchodu  |c 1987 
300 |a 108 s. 
490 1 |a Knižnice VÚO  |v 219 
830 0 |a Knižnice VÚO  |v 219 
100 1 |a Kroc, Stanislav